Anglais-verbes irréguliers (4) - Statistiques

Statistiques générales
  • Ce quiz a été pris 204 fois
  • Le résultat moyen est 115 sur 170
Statistiques - réponses
Base Verbale Prétérit Participe Passé Traduction % Correct
Become Became Become Devenir
88%
Begin Began Begun Commencer
86%
Choose Chose Chosen Choisir
86%
Do Did Done Faire
86%
Beat Beat Beaten Battre
85%
Come Came Come Venir
85%
Cost Cost Cost Coûter
84%
Cut Cut Cut Couper
84%
Eat Ate Eaten Manger
84%
Awake Awoke Awoken Se réveiller
83%
Build Built Built Construire
83%
Buy Bought Bought Acheter
83%
Drive Drove Driven Conduire
83%
Bet Bet Bet Parier
82%
Go Went Gone Aller
82%
Burn Burnt/ Burned Burnt/ Burned Brûler
81%
Cast Cast Cast Jeter/ Distribuer (rôles)
81%
Draw Drew Drawn Dessiner/ Tirer
81%
Dream Dreamt/ Dreamed Dreamt/ Dreamed Rêver
81%
Drink Drank Drunk Boire
81%
Fall Fell Fallen Tomber
81%
Put Put Put Mettre
81%
Read Read Read Lire
81%
Meet Met Met Rencontrer
80%
Quit Quit Quit Quitter
80%
Blow Blew Blown Souffler/ Gonfler
79%
Break Broke Broken Casser
79%
Burst Burst Burst Éclater
79%
Fight Fought Fought Se battre
79%
Forget Forgot Forgotten/ Forgot Oublier
79%
Forgive Forgave Forgiven Pardonner
79%
Give Gave Given Donner
79%
Hit Hit Hit Taper/ Appuyer
79%
Keep Kept Kept Garder
79%
Know Knew Known Connaître/ Savoir
79%
Run Ran Run Courir
79%
See Saw Seen Voir
79%
Can Could Could Pouvoir
78%
Find Found Found Trouver
78%
Have Had Had Avoir
78%
Pay Paid Paid Payer
78%
Lead Led Led Mener/ Guider
77%
Lean Leant/ Leaned Leant/ Leaned S’incliner/ Se pencher
77%
Learn Learnt Learnt Apprendre
77%
Say Said Said Dire
77%
Wake Woke Woken Réveiller
77%
Bite Bit Bitten Mordre
76%
Catch Caught Caught Attraper
76%
Feel Felt Felt Se sentir/ Ressentir
76%
Freeze Froze Frozen Geler
76%
Get Got Gotten/ Got Obtenir
76%
Hurt Hurt Hurt Blesser
76%
Make Made Made Fabriquer
76%
Set Set Set Fixer
76%
Shut Shut Shut Fermer
76%
Sleep Slept Slept Dormir
76%
Win Won Won Gagner
76%
Write Wrote Written Écrire
76%
Deal Dealt Dealt Distribuer
75%
Feed Fed Fed Nourrir
75%
Fly Flew Flown Voler
75%
Sing Sang Sung Chanter
75%
Spin Spun Spun Tourner/ Faire tourner
75%
Hear Heard Heard Entendre
74%
Overcome Overcame Overcome Surmonter
74%
Swim Swam Swum Nager
74%
Take Took Taken Prendre
74%
Let Let Let Permettre/ Louer
73%
Speak Spoke Spoken Parler
73%
Bleed Bled Bled Saigner
72%
Grow Grew Grown Grandir/ Pousser
72%
Ring Rang Rung Sonner/ Téléphoner
72%
Shake Shook Shaken Secouer
72%
Understand Understood Understood Comprendre
72%
Bid Bid/ Bade Bid/ Bidden Offrir
71%
Mean Meant Meant Signifier
71%
Rid Rid Rid Débarrasser
71%
Send Sent Sent Envoyer
71%
Spend Spent Spent Dépenser/ Passer du temps
71%
Lose Lost Lost Perdre
70%
Prove Proved Proven/ Proved Prouver
70%
Rise Rose Risen Lever
70%
Sit Sat Sat S’assoire
70%
Arise Arose Arisen Survenir
69%
Bear Bore Borne/born Porter/ Supporter/ Naître
69%
Broadcast Broadcast Broadcast Diffuser/ Émettre
69%
Dig Dug Dug Creuser
69%
Forbide Forbade Forbidden Interdire
69%
Hide Hid Hidden Cacher
69%
Offset Offset Offset Compenser
69%
Shoot shot shot Tirer/ Fusiller
69%
Spoil Spoilt Spoilt Gâcher/ Gâter
69%
Think Thought Thought Penser
69%
Bring Brought Brought Apporter
68%
Mow Mowed Mowed/ Mown Tondre
68%
Split Split Split Fendre
68%
Creep Crept Crept Ramper
67%
Lay Laid Laid Poser
67%
Saw Saw/ Sawed Sawn/ Sawed Scier
67%
Show Showed Shown Montrer
67%
Speed Sped Sped Aller vite
67%
Dive Dived Dived/ Dove Plonger
66%
Preset Preset Preset Programmer
66%
Tell Told Told Dire/ Raconter
66%
Forsee Forsaw Forseen Prévoir/ Présentir
65%
Hang Hung Hung Tenir/ Pendre
65%
Leave Left Left Laisser/ Quitter/ Partir
65%
Smell Smelt Smelt Sentir
65%
Bend Bent Bent Plier/ Se courber
64%
Cling Clung Clung S’accrocher
64%
Spell Spelt Spelt Épeler/ Orthographier
64%
Spread Spread Spread Répendre
64%
Stand Stood Stood Être debout
64%
Shine Shone Shone Briller
63%
Stick Stuck Stuck Coller
63%
Sweat Sweat/ Sweated Sweat/ Sweated Suer
63%
Teach Taught Taught Enseigner
63%
Undergo Underwent Undergone Subir
63%
Wet Wet/ Wetted Wet/ Wetted Mouiller
63%
Sell Sold Sold Vendre
62%
Spring Sprang Sprung Surgir/ Jaillir/ Bondir
62%
Steal Stole Stolen Voler/ Dérober
62%
Throw Threw Thrown Jeter
62%
Abide Abode Abode Respecter/Se conformer à
61%
Flee Fled Fled S’enfuir
61%
Leap Leapt/ Leaped Leapt/ Leaped Sauter/ Bondir
61%
Sink Sank/ Sunk Sunk/ Sunken Couler
61%
Swing Swung Swung Se balancer
61%
Light Lit/ Lighted Lit/ Lighted Allumer
60%
Plead Pled/ Pleaded Pled/ Pleaded Supplier/ Plaider
60%
Kneel Knelt/ Knelled Knelt/ Knelled S’agenouiller
59%
Shed Shed Shed Répandre/ Laisser tomber
59%
Slit Slit Slit Fendre
59%
Sting Stung Stung Piquer
59%
Stink Stank Stunk Puer
59%
Weep Wept Wept Pleurer
59%
Fling Flung Flung Lancer
58%
Relay Relaid Relaid Relayer
58%
Swear Swore Sworn Jurer
57%
Thrust Thrust Thrust Enfoncer
57%
Withdraw Withdrew Withdrawn Se retirer
57%
Hold Held Held Tenir
56%
Lend Lent Lent Prêter
56%
Rend Rent Rent Déchirer
56%
Slide Slid Slid Glisser
56%
Spit Spat/ Spit Spat/ Spit Cracher
56%
Sweep Swept Swept Balayer
56%
Wring Wrung Wrung Tordre
55%
Lie Lay Lain S’allonger
54%
Typeset Typeset Typeset Composer
54%
Chide Chid/ Chode Chid/ Chidden Gronder
53%
Sow Sowed Sown/ Sowed Semer
53%
Strive Strove Striven S’efforcer
53%
Tear Tore Torn Déchirer
53%
Clothe Clad/ Clothed Clad/ Clothed Habiller/ Recouvrir
52%
Swell Swelled/ Sweated Swollen Gonfler/ Enfler
52%
Dwell Dwelt Dwelt/ Dwelled Habiter
51%
Forsake Forsook Forsaken Abandonner
51%
Strew Strewed Strewn/ Strewed Éparpiller
51%
Thrive Throve/ Thrived Thriven/ Thrived Prospérer
50%
Beget Begat/ begot Begotten Engendrer
47%
Spill Spilt/ Spilled Spilt/ Spilled Renverser
47%
Wind Wound Wound Enrouler/ Remonter
44%
Grind Ground Ground Moudre/ Opprimer
39%
Slay Slew Slain Tuer
34%
Shoe Shod Shod Chausser
33%
Strike Struck Stricken/ Struck Frapper
33%
Forecast Forcast Forcast Prévoir
31%
Seek Sought Sought Chercher
30%
Patake Partook Partaken Prendre part à
8%
Aucun quiz correspondant
Distribution des résultats
% des personnes avec chaque résultat
Percentile par nombre de réponses
Votre historique - résultats
Vous n’avez pas pris ce quiz